Operations research (Record no. 346257)

000 -LEADER
fixed length control field 00250 a2200121 4500
020 ## - INTERNATIONAL STANDARD BOOK NUMBER
International Standard Book Number 0070584001
090 ## - LOCALLY ASSIGNED LC-TYPE CALL NUMBER (OCLC); LOCAL CALL NUMBER (RLIN)
-- 3792
-- 3792
100 ## - MAIN ENTRY--PERSONAL NAME
Personal name Schaum's
245 ## - TITLE STATEMENT
Title Operations research
250 ## - EDITION STATEMENT
Edition statement 2nd
300 ## - PHYSICAL DESCRIPTION
Extent 456
942 ## - ADDED ENTRY ELEMENTS (KOHA)
Institution code [OBSOLETE] NBS
Koha item type Book
Call number prefix 658.4034 BRO
Holdings
Withdrawn status Lost status Damaged status Not for loan Permanent Location Current Location Date acquired Total Checkouts Full call number Barcode Date last seen Price effective from Koha item type
        Central Library (CL) Central Library (CL) 08/28/2013   658.4034 BRO NBSD-628 08/28/2013 08/28/2013 Book
© 2023 Central Library, National University of Sciences and Technology. All Rights Reserved.